Posibilidades de estudio en la educación superior universitaria estatal de Costa Rica
Salvato in:
| Natura: | Libro |
|---|---|
| Lingua: | Spanish |
| Soggetti: | |
| Tags: |
Aggiungi Tag
Nessun Tag, puoi essere il primo ad aggiungerne!!
|
MARC
| LEADER | 00000nam a22000007a 4500 | ||
|---|---|---|---|
| 003 | cru CIDCACS/IIS | ||
| 005 | 20231017085635.0 | ||
| 008 | 231017b |||||||| |||| 00| 0 spa d | ||
| 040 | |c cru CIDCACS/IIS | ||
| 245 | |a Posibilidades de estudio en la educación superior universitaria estatal de Costa Rica | ||
| 300 | |a 88 páginas : |b tablas | ||
| 500 | |a Colección Centroamérica | ||
| 650 | 0 | |a ESTADO |9 243 | |
| 650 | 0 | |a ENSEÑANZA SUPERIOR |9 1831 | |
| 650 | 0 | |a DOCENTES |9 3386 | |
| 650 | 0 | |a ESTUDIANTES |9 4359 | |
| 650 | 0 | |a UNIVERSIDADES |9 311 | |
| 651 | 0 | |a COSTA RICA |9 32 | |
| 773 | 0 | |0 42734 |9 9796 |a Oficina de Planificación de la Educación Superior (Costa Rica) |d Costa Rica: Consejo Nacional de Rectores. Oficina de Planificación de la Educación Superior |o 00938 |t OPES/ | |
| 942 | |2 ddc |c PP | ||
| 999 | |c 45305 |d 45305 | ||
